[Event "Lloyds Bank Masters 2nd"]
[Site "London, Cumberland Hotel"]
[Date "1978.08.26"]
[Round "3.1"]
[White "Peters, Jack"]
[Black "Westerinen, Heikki MJ"]
[Result "1-0"]
[WhiteElo "2430"]
[BlackElo "2450"]
[PlyCount "95"]
[EventDate "1978.08.24"]
[EventType "swiss"]
[EventRounds "10"]
[EventCountry "ENG"]
[SourceTitle "BritBase"]
[Source "John Saunders"]
[SourceDate "2023.12.16"]
[SourceVersion "1"]
[SourceVersionDate "2023.12.16"]
[SourceQuality "1"]

1. e4 e5 2. Nf3 Nc6 3. Bb5 a6 4. Ba4 d6 5. O-O Bd7 6. d4 Nge7 7. d5 Nb8 8. c4
Ng6 9. Nc3 Be7 10. Ne1 O-O 11. g3 Bh3 12. Ng2 f5 13. exf5 Bxf5 14. Bc2 Qd7 15.
Bxf5 Qxf5 16. Ne3 Qf7 17. Qg4 Qf3 18. Qxf3 Rxf3 19. Kg2 Rf7 20. Ne4 Nd7 21. Bd2
h6 22. f3 Raf8 23. Rac1 h5 24. b4 b6 25. a4 h4 26. Ra1 h3+ 27. Kxh3 Rxf3 28.
Rxf3 Rxf3 29. a5 bxa5 30. Rxa5 Nf6 31. Kg2 Nxe4 32. Kxf3 Nxd2+ 33. Ke2 Nb3 34.
Rxa6 e4 35. h4 Bf6 36. Ra7 Nd4+ 37. Kd1 Be5 38. h5 Nf8 39. Rxc7 Bxg3 40. b5 Nb3
41. Nf5 Be5 42. h6 g5 43. Ne7+ Kh8 44. Rc8 Kh7 45. Rxf8 g4 46. b6 Na5 47. Nc6
g3 48. Nxe5 1-0

[Event "Lloyds Bank Masters 2nd"]
[Site "London, Cumberland Hotel"]
[Date "1978.08.26"]
[Round "3.2"]
[White "Rantanen, Yrjo A"]
[Black "Littlewood, Paul E"]
[Result "1/2-1/2"]
[WhiteElo "2420"]
[BlackElo "2345"]
[PlyCount "76"]
[EventDate "1978.08.24"]
[EventType "swiss"]
[EventRounds "10"]
[EventCountry "ENG"]
[SourceTitle "BritBase"]
[Source "John Saunders"]
[SourceDate "2023.12.16"]
[SourceVersion "1"]
[SourceVersionDate "2023.12.16"]
[SourceQuality "1"]

1. e4 e5 2. Nf3 Nc6 3. Bb5 a6 4. Ba4 Nf6 5. O-O Be7 6. Re1 b5 7. Bb3 O-O 8. d4
d6 9. c3 Bg4 10. a3 exd4 11. cxd4 d5 12. e5 Ne4 13. Ba2 Qd7 14. Nc3 Nxc3 15.
bxc3 Na5 16. h3 Bf5 17. g4 Be6 18. Ng5 Qd8 19. f4 Bxg5 20. fxg5 Qd7 21. Bb1
Rac8 22. Ra2 c5 23. Rg2 cxd4 24. cxd4 Rc4 25. h4 Qa7 26. Bb2 Nc6 27. Kh2 Nxd4
28. Bd3 Ra4 29. Rf1 g6 30. Rf4 Nc6 31. Rxa4 bxa4 32. Qxa4 Qe3 33. Bxa6 Nxe5 34.
Be2 Nc4 35. Bxc4 dxc4 36. Qa5 Qf4+ 37. Kg1 Qe3+ 38. Kh2 Qf4+ 1/2-1/2

[Event "Lloyds Bank Masters 2nd"]
[Site "London, Cumberland Hotel"]
[Date "1978.08.26"]
[Round "3.3"]
[White "Balinas, Rosendo Carrean"]
[Black "Franklin, Michael J"]
[Result "1/2-1/2"]
[WhiteElo "2440"]
[BlackElo "2315"]
[PlyCount "48"]
[EventDate "1978.08.24"]
[EventType "swiss"]
[EventRounds "10"]
[EventCountry "ENG"]
[SourceTitle "BritBase"]
[Source "John Saunders"]
[SourceDate "2023.12.16"]
[SourceVersion "1"]
[SourceVersionDate "2023.12.16"]
[SourceQuality "1"]

1. c4 Nf6 2. Nc3 d6 3. d4 e5 4. Nf3 Nbd7 5. e4 c6 6. Be2 Be7 7. O-O O-O 8. Re1
a6 9. a4 a5 10. Bf1 Re8 11. c5 exd4 12. cxd6 Bxd6 13. Nxd4 Bb4 14. Nf5 Nf8 15.
Qf3 Bxf5 16. Qxf5 Qd7 17. Qxd7 N8xd7 18. f3 Nc5 19. Bg5 Nfd7 20. Red1 Ne5 21.
Bf4 f6 22. Bxe5 fxe5 23. Bc4+ Kf8 24. Ne2 Red8 1/2-1/2

[Event "Lloyds Bank Masters 2nd"]
[Site "London, Cumberland Hotel"]
[Date "1978.08.26"]
[Round "3.4"]
[White "Watson, John L"]
[Black "Shamkovich, Leonid A"]
[Result "1/2-1/2"]
[WhiteElo "2320"]
[BlackElo "2485"]
[PlyCount "39"]
[EventDate "1978.08.24"]
[EventType "swiss"]
[EventRounds "10"]
[EventCountry "ENG"]
[SourceTitle "BritBase"]
[Source "John Saunders"]
[SourceDate "2023.12.16"]
[SourceVersion "1"]
[SourceVersionDate "2023.12.16"]
[SourceQuality "1"]

1. c4 e5 2. Nc3 Nc6 3. g3 g6 4. Bg2 Bg7 5. d3 Nge7 6. Rb1 a5 7. a3 d6 8. b4
axb4 9. axb4 O-O 10. e3 f5 11. Nge2 g5 12. b5 Nb8 13. Qc2 Nd7 14. f4 gxf4 15.
exf4 Nc5 16. O-O c6 17. Be3 Ne6 18. Kh1 Nd4 19. Bxd4 exd4 20. bxc6 1/2-1/2

[Event "Lloyds Bank Masters 2nd"]
[Site "London, Cumberland Hotel"]
[Date "1978.08.26"]
[Round "3.5"]
[White "Kopec, Danny"]
[Black "Forintos, Gyozo Victor"]
[Result "1/2-1/2"]
[WhiteElo "2310"]
[BlackElo "2435"]
[PlyCount "78"]
[EventDate "1978.08.24"]
[EventType "swiss"]
[EventRounds "10"]
[EventCountry "ENG"]
[SourceTitle "BritBase"]
[Source "John Saunders"]
[SourceDate "2023.12.16"]
[SourceVersion "1"]
[SourceVersionDate "2023.12.16"]
[SourceQuality "1"]

1. e4 g6 2. d4 Bg7 3. Nc3 d6 4. Bc4 Nf6 5. Bg5 h6 6. Bh4 Nc6 7. d5 Ne5 8. Be2
g5 9. Bg3 Ng6 10. h4 gxh4 11. Bxh4 Nxh4 12. Rxh4 c6 13. Nf3 Qb6 14. Nd4 Ng4 15.
Bxg4 Bxd4 16. Na4 Bxf2+ 17. Kf1 Qd4 18. Bxc8 Rxc8 19. Qg4 Rc7 20. Rd1 Qxa4 21.
Kxf2 Qxc2+ 22. Kg1 Qxb2 23. Rh5 cxd5 24. e5 dxe5 25. Rxd5 Qb1+ 26. Kh2 f6 27.
Rf5 Kf7 28. Qh5+ Kg7 29. Rf3 Rcc8 30. Rg3+ Kf8 31. Qg4 Kf7 32. Rxe5 Rc7 33.
Qg7+ Ke8 34. Qxh8+ Kd7 35. Rd5+ Kc6 36. Qg8 Qe4 37. Rc3+ Kb6 38. Rxc7 Qh4+ 39.
Kg1 Qe1+ 1/2-1/2

[Event "Lloyds Bank Masters 2nd"]
[Site "London, Cumberland Hotel"]
[Date "1978.08.26"]
[Round "3.7"]
[White "Mayers, Dan E"]
[Black "MacPherson, Hugh Dugald"]
[Result "0-1"]
[WhiteElo "2070"]
[BlackElo "2315"]
[PlyCount "68"]
[EventDate "1978.08.24"]
[EventType "swiss"]
[EventRounds "10"]
[EventCountry "ENG"]
[SourceTitle "BritBase"]
[Source "John Saunders"]
[SourceDate "2023.12.16"]
[SourceVersion "1"]
[SourceVersionDate "2023.12.16"]
[SourceQuality "1"]

1. e4 Nf6 2. e5 Nd5 3. d4 d6 4. c4 Nb6 5. exd6 cxd6 6. b3 g6 7. Bb2 Bg7 8. Nf3
Bg4 9. Nbd2 Nc6 10. h3 Bd7 11. Be2 d5 12. c5 Nc8 13. O-O e6 14. a3 b6 15. b4
bxc5 16. bxc5 N8e7 17. Bd3 O-O 18. Qe2 a5 19. Bc3 Qc7 20. Rab1 Rfb8 21. g4 Bf6
22. Kg2 a4 23. Bb5 g5 24. Qe3 Ng6 25. Rh1 Nf4+ 26. Kf1 Ne7 27. Bxd7 Rxb1+ 28.
Nxb1 Qxd7 29. Bb4 Qb5+ 30. Kg1 Ne2+ 31. Kg2 Ng6 32. Ne5 Nh4+ 33. Kh2 Nxd4 34.
Nd3 Ndf3+ 0-1

[Event "Lloyds Bank Masters 2nd"]
[Site "London, Cumberland Hotel"]
[Date "1978.08.26"]
[Round "3.8"]
[White "Odendahl, Steven M"]
[Black "Tatai, Stefano"]
[Result "1/2-1/2"]
[WhiteElo "2385"]
[BlackElo "2455"]
[PlyCount "96"]
[EventDate "1978.08.24"]
[EventType "swiss"]
[EventRounds "10"]
[EventCountry "ENG"]
[SourceTitle "BritBase"]
[Source "John Saunders"]
[SourceDate "2023.12.16"]
[SourceVersion "1"]
[SourceVersionDate "2023.12.16"]
[SourceQuality "1"]

1. d4 Nf6 2. c4 e6 3. Nc3 Bb4 4. e3 c5 5. Nf3 O-O 6. Bd3 d5 7. O-O Nc6 8. a3
Bxc3 9. bxc3 Qc7 10. cxd5 exd5 11. Nh4 Re8 12. f3 Ne7 13. g3 Bd7 14. Ra2 Nc8
15. Nf5 Bxf5 16. Bxf5 Nd6 17. Bd3 Re6 18. Re2 Rae8 19. Qe1 b5 20. g4 Qb6 21.
Qh4 g6 22. Qh6 Kh8 23. Qf4 Ng8 24. g5 c4 25. Bc2 f5 26. h4 h5 27. gxh6 Nf6 28.
Rg2 Nh5 29. Qh2 Qb7 30. Kh1 a5 31. Rfg1 Qf7 32. Rg5 Rg8 33. R1g2 Kh7 34. Qg1
Qf8 35. Bd2 Rf6 36. a4 bxa4 37. Bxa4 Nf7 38. Bc2 Nxh6 39. Qh2 Nf7 40. Qc7 Qd6
41. Qxa5 Nxg5 42. Rxg5 Qa6 43. Qc7+ Rg7 44. Qe5 Qa2 45. Rxh5+ gxh5 46. Bxf5+
Rfg6 47. Bxg6+ Rxg6 48. Qxh5+ Kg7 1/2-1/2

[Event "Lloyds Bank Masters 2nd"]
[Site "London, Cumberland Hotel"]
[Date "1978.08.26"]
[Round "3.9"]
[White "Povah, Nigel Edward"]
[Black "Flesch, Janos"]
[Result "1-0"]
[WhiteElo "2350"]
[BlackElo "2435"]
[PlyCount "75"]
[EventDate "1978.08.24"]
[EventType "swiss"]
[EventRounds "10"]
[EventCountry "ENG"]
[SourceTitle "BritBase"]
[Source "John Saunders"]
[SourceDate "2023.12.16"]
[SourceVersion "1"]
[SourceVersionDate "2023.12.16"]
[SourceQuality "1"]

1. e4 c5 2. Nf3 Nc6 3. d4 cxd4 4. Nxd4 Qc7 5. Nc3 e6 6. Be3 a6 7. Nb3 b5 8. f4
d6 9. Bd3 Nf6 10. Qf3 Bb7 11. g4 h6 12. O-O-O Nb4 13. Kb1 Rc8 14. Rc1 Nd7 15.
Qh3 g6 16. f5 exf5 17. gxf5 Ne5 18. fxg6 fxg6 19. Bd4 Qd7 20. Qg3 Qe6 21. Bf1
Qf6 22. Bh3 Rc4 23. Rhf1 Qg5 24. Bxe5 dxe5 25. Qf2 Qe7 26. Rcd1 Bc8 27. Bxc8
Rxc8 28. a3 Nc6 29. Nd5 Qe6 30. Nf6+ Kf7 31. Rd7+ Ne7 32. Nc5 Rxc5 33. Qxc5 Kg7
34. Qc7 h5 35. Nd5 Qh3 36. Qxe5+ Kh7 37. Rf7+ Kg8 38. Rxf8+ 1-0

[Event "Lloyds Bank Masters 2nd"]
[Site "London, Cumberland Hotel"]
[Date "1978.08.26"]
[Round "3.11"]
[White "Borm, Frans"]
[Black "Haik, Aldo"]
[Result "0-1"]
[WhiteElo "2320"]
[BlackElo "2425"]
[PlyCount "52"]
[EventDate "1978.08.24"]
[EventType "swiss"]
[EventRounds "10"]
[EventCountry "ENG"]
[SourceTitle "BritBase"]
[Source "John Saunders"]
[SourceDate "2023.12.16"]
[SourceVersion "1"]
[SourceVersionDate "2023.12.16"]
[SourceQuality "1"]

1. e4 Nf6 2. e5 Nd5 3. d4 d6 4. c4 Nb6 5. f4 dxe5 6. fxe5 Nc6 7. Be3 Bf5 8. Nc3
e6 9. Nf3 Bg4 10. Qd2 Qd7 11. h3 Bh5 12. g4 Bg6 13. Nh4 O-O-O 14. Nxg6 hxg6 15.
O-O-O Bb4 16. Be2 Na5 17. b3 c5 18. Qc2 cxd4 19. Rxd4 Qc6 20. Rxd8+ Rxd8 21.
Rf1 Bc5 22. Bg5 Rd7 23. Nb5 Qg2 24. Nxa7+ Kb8 25. Nb5 Nc6 26. a3 Bxa3+ 0-1

[Event "Lloyds Bank Masters 2nd"]
[Site "London, Cumberland Hotel"]
[Date "1978.08.26"]
[Round "3.12"]
[White "Kraidman, Yair"]
[Black "De Firmian, Nick E"]
[Result "1-0"]
[WhiteElo "2455"]
[BlackElo "2390"]
[PlyCount "131"]
[EventDate "1978.08.24"]
[EventType "swiss"]
[EventRounds "10"]
[EventCountry "ENG"]
[SourceTitle "BritBase"]
[Source "John Saunders"]
[SourceDate "2023.12.16"]
[SourceVersion "1"]
[SourceVersionDate "2023.12.16"]
[SourceQuality "1"]

1. d4 Nf6 2. c4 e6 3. Nc3 Bb4 4. e3 b6 5. Bd3 Bb7 6. Nf3 O-O 7. O-O c5 8. Na4
cxd4 9. a3 Be7 10. exd4 d6 11. Bg5 Nbd7 12. Re1 d5 13. Bxf6 Bxf6 14. c5 bxc5
15. Nxc5 Nxc5 16. dxc5 Qc7 17. Qc2 g6 18. Rac1 Rac8 19. Qe2 Qa5 20. Ne5 Rc7 21.
Rc3 Rxc5 22. b4 Rxc3 23. bxa5 Bxe5 24. Qxe5 Rxd3 25. h4 h5 26. Rc1 Ba6 27. Rc7
Rxa3 28. Rxa7 Rxa5 29. Qd6 Ra1+ 30. Kh2 Ra2 31. Rxa6 Rxf2 32. Qg3 Rf5 33. Rd6
Kh7 34. Rd7 Rc8 35. Qd6 Kg8 36. Re7 Rf8 37. Ra7 Rc8 38. Ra3 Kg7 39. Qd7 Rb8 40.
Qc7 Re8 41. Kg3 Kg8 42. Rf3 Rxf3+ 43. gxf3 e5 44. Qd7 Re6 45. Qxd5 Kf8 46. Qd8+
Kg7 47. Kf2 Rf6 48. Qc7 Rf5 49. Ke3 Kg8 50. Qc3 Kf8 51. Ke4 Ke7 52. Kd5 Kf8 53.
Qc8+ Kg7 54. Qxf5 gxf5 55. Kxe5 f4 56. Kf5 f6 57. Kxf4 Kg6 58. Ke4 Kg7 59. Kf5
Kf7 60. f4 Ke7 61. Kg6 Ke6 62. Kxh5 Kf5 63. Kh6 Kxf4 64. Kg6 Kg4 65. h5 f5 66.
h6 1-0

[Event "Lloyds Bank Masters 2nd"]
[Site "London, Cumberland Hotel"]
[Date "1978.08.26"]
[Round "3.15"]
[White "Harding, Timothy David"]
[Black "Wells, Ian Duncan"]
[Result "0-1"]
[WhiteElo "2230"]
[BlackElo "2160"]
[Annotator "Harding,Tim"]
[PlyCount "72"]
[EventDate "1978.08.24"]
[EventType "swiss"]
[EventRounds "10"]
[EventCountry "ENG"]
[SourceTitle "Tim Harding"]
[Source "Tim Harding"]
[SourceDate "2023.12.23"]
[SourceVersion "1"]
[SourceVersionDate "2023.12.23"]
[SourceQuality "1"]

1. c4 e5 2. Nc3 Nf6 3. Nf3 Nc6 4. d4 e4 $5 5. Nd2 Nxd4 6. Ndxe4 Nxe4 7. Qxd4
Nxc3 8. Qxc3 d5 9. e3 Be6 10. Be2 Qg5 11. O-O Bd6 12. f4 Qg6 13. Rf3 O-O-O 14.
Rg3 Qf6 15. Bd2 dxc4 16. Qxf6 gxf6 17. Bc3 Be7 18. e4 b5 19. f5 Bd7 20. Rg7 b4
21. Be1 Bb5 22. Rxf7 Bc5+ 23. Kf1 Rhe8 24. Bg3 Bb6 25. b3 Rxe4 26. bxc4 Bxc4
27. Bxc4 Rxc4 28. Rb1 Rd2 29. Rxf6 Rxa2 30. Re6 Rc5 31. f6 Rf5+ 32. Ke1 Rxg2
33. Rd1 b3 34. Re8+ Kb7 35. Bxc7 Bxc7 36. Re7 Rg1+ {Source: Tim Harding
personal database. Tragically, Black soon afterwards drowned while in Rio de
Janeiro for a junior international tournament} 0-1

[Event "Lloyds Bank Masters 2nd"]
[Site "London, Cumberland Hotel"]
[Date "1978.08.26"]
[Round "3.18"]
[White "Freeman, Michael Joseph"]
[Black "Knott, Simon J B"]
[Result "1-0"]
[WhiteElo "2065"]
[BlackElo "2205"]
[PlyCount "75"]
[EventDate "1978.08.24"]
[EventType "swiss"]
[EventRounds "10"]
[EventCountry "ENG"]
[SourceTitle "BritBase"]
[Source "John Saunders"]
[SourceDate "2023.12.16"]
[SourceVersion "1"]
[SourceVersionDate "2023.12.16"]
[SourceQuality "1"]

1. d4 Nf6 2. c4 g6 3. Nc3 d5 4. Bf4 Bg7 5. e3 O-O 6. cxd5 Nxd5 7. Nxd5 Qxd5 8.
Bxc7 Nc6 9. Ne2 Bg4 10. f3 Bxf3 11. gxf3 Qxf3 12. Rg1 Qxe3 13. Bf4 Qe4 14. Bg2
Qf5 15. Bxc6 bxc6 16. Qd2 Rfd8 17. O-O-O e5 18. Bxe5 Bxe5 19. Rg5 Qe6 20. Rxe5
Qxa2 21. Nc3 Qb3 22. Ne4 Rab8 23. Nf6+ Kg7 24. Ng4 Rb4 25. Rde1 Rc4+ 26. Kb1
Qh3 27. R5e4 c5 28. Qe2 Rb4 29. Re7 Rxb2+ 30. Qxb2 Rb8 31. Rxf7+ Kxf7 32. Ne5+
Kg7 33. Qxb8 Qc3 34. Qc7+ Kh6 35. Ng4+ Kh5 36. Qe5+ g5 37. Nf6+ Kg6 38. Qxg5+ {
Source: chessgames.com} 1-0

[Event "Lloyds Bank Masters 2nd"]
[Site "London, Cumberland Hotel"]
[Date "1978.08.26"]
[Round "3.19"]
[White "King, Andrew J"]
[Black "Henshaw, John C"]
[Result "1-0"]
[WhiteElo "2065"]
[BlackElo "2215"]
[PlyCount "79"]
[EventDate "1978.08.24"]
[EventType "swiss"]
[EventRounds "10"]
[EventCountry "ENG"]
[SourceTitle "BritBase"]
[Source "John Saunders"]
[SourceDate "2023.12.16"]
[SourceVersion "1"]
[SourceVersionDate "2023.12.16"]
[SourceQuality "1"]

1. e4 e5 2. f4 Bc5 3. Nf3 d6 4. Nc3 Nf6 5. Bc4 Nc6 6. h3 a6 7. d3 Qe7 8. f5 h6
9. Nd5 Nxd5 10. Bxd5 Nd4 11. c3 Nxf3+ 12. Qxf3 c6 13. Bb3 b5 14. Bd2 Bb7 15. a4
O-O-O 16. axb5 axb5 17. c4 b4 18. Ke2 Kc7 19. Ra4 Ra8 20. Rha1 Rxa4 21. Rxa4
Ra8 22. Rxa8 Bxa8 23. f6 Qf8 24. Qh5 g5 25. h4 gxh4 26. Bxh6 Qg8 27. Bg7 Bd4
28. Qxh4 Bxb2 29. g4 Bb7 30. Qh5 c5 31. g5 Bc8 32. Qh6 Bg4+ 33. Kd2 Bc3+ 34.
Kc2 Qa8 35. Qh1 Qa3 36. Qb1 Bh5 37. Qa2 Bd4 38. Bh6 Be3 39. Qxa3 bxa3 40. g6 {
Source: J C Henshaw via Brian Denman, contributed 21 July 2021} 1-0

[Event "Lloyds Bank Masters 2nd"]
[Site "London, Cumberland Hotel"]
[Date "1978.08.26"]
[Round "3.20"]
[White "Farrand, Tom"]
[Black "Bloch, Nigel"]
[Result "0-1"]
[WhiteElo "2040"]
[BlackElo "2260"]
[PlyCount "52"]
[EventDate "1978.08.24"]
[EventType "swiss"]
[EventRounds "10"]
[EventCountry "ENG"]
[SourceTitle "BritBase"]
[Source "John Saunders"]
[SourceDate "2023.12.16"]
[SourceVersion "1"]
[SourceVersionDate "2023.12.16"]
[SourceQuality "1"]

1. e4 c5 2. Nf3 d6 3. Nc3 Nc6 4. d4 cxd4 5. Nxd4 g6 6. Bc4 Bg7 7. Be3 Nf6 8. f3
O-O 9. Qd2 Bd7 10. O-O-O Rc8 11. Bb3 Ne5 12. h4 h5 13. g4 hxg4 14. h5 Nxh5 15.
Bh6 e6 16. Bxg7 Kxg7 17. fxg4 Nxg4 18. Rdg1 Ngf6 19. Qe2 Rh8 20. Qf3 Qa5 21.
Kb1 Qe5 22. Qe3 Qf4 23. Qd3 Ng3 24. Rxh8 Rxh8 25. Re1 Ngxe4 26. a4 Nd2+ 0-1

[Event "Lloyds Bank Masters 2nd"]
[Site "London, Cumberland Hotel"]
[Date "1978.08.26"]
[Round "3.23"]
[White "Lawton, Geoffrey W"]
[Black "James, Geoffrey H"]
[Result "1/2-1/2"]
[WhiteElo "2185"]
[BlackElo "2230"]
[PlyCount "43"]
[EventDate "1978.08.24"]
[EventType "swiss"]
[EventRounds "10"]
[EventCountry "ENG"]
[SourceTitle "BritBase"]
[Source "John Saunders"]
[SourceDate "2023.12.16"]
[SourceVersion "1"]
[SourceVersionDate "2023.12.16"]
[SourceQuality "1"]

1. e4 e5 2. Nf3 Nc6 3. Bb5 a6 4. Ba4 d6 5. O-O Bg4 6. h3 h5 7. d4 b5 8. Bb3
Nxd4 9. hxg4 hxg4 10. Ng5 Nh6 11. Bd5 $5 c6 12. c3 cxd5 13. cxd4 Be7 14. dxe5
Bxg5 15. Qxd5 Rc8 16. Nc3 Bxc1 17. Raxc1 g3 $1 18. exd6 Ng4 (18... O-O 19. fxg3
Qb6+ 20. Kh1 Rc5 21. Qd1 Rd8 22. Nd5 $18) 19. d7+ Qxd7 20. Qxd7+ Kxd7 21. fxg3
f6 22. Rcd1+ {Source: G H James via Brian Denman, contributed 21 July 2021}
1/2-1/2

[Event "Lloyds Bank Masters 2nd"]
[Site "London, Cumberland Hotel"]
[Date "1978.08.26"]
[Round "3.24"]
[White "Bouaziz, Slim"]
[Black "Law, Andrew P"]
[Result "1/2-1/2"]
[WhiteElo "2365"]
[BlackElo "2345"]
[PlyCount "81"]
[EventDate "1978.08.24"]
[EventType "swiss"]
[EventRounds "10"]
[EventCountry "ENG"]
[SourceTitle "BritBase"]
[Source "John Saunders"]
[SourceDate "2023.12.16"]
[SourceVersion "1"]
[SourceVersionDate "2023.12.16"]
[SourceQuality "1"]

1. e4 c5 2. c3 e6 3. d4 d5 4. exd5 exd5 5. Bb5+ Nc6 6. Qe2+ Be7 7. Nf3 Nf6 8.
Ne5 Qb6 9. dxc5 Qxc5 10. Be3 Qd6 11. Bf4 Qc5 12. a4 a6 13. Bxc6+ bxc6 14. O-O
Be6 15. Nd2 O-O 16. Nb3 Qb6 17. Nd4 c5 18. a5 Qb7 19. Nxe6 fxe6 20. Nd3 Qc8 21.
Rae1 c4 22. Qxe6+ Qxe6 23. Rxe6 Kf7 24. Rfe1 Ne4 25. R6xe4 dxe4 26. Ne5+ Ke6
27. Bg3 Kf5 28. Nxc4 Rad8 29. Kf1 Rd7 30. Ne3+ Kg6 31. Nc4 Kf5 32. f3 exf3 33.
gxf3 Bf6 34. Nd6+ Kg6 35. Ne4 Bd8 36. Kg2 Rd3 37. f4 h5 38. Re2 Kf5 39. Nc5 Rd5
40. Ne6 Rf7 41. Nd4+ 1/2-1/2

[Event "Lloyds Bank Masters 2nd"]
[Site "London, Cumberland Hotel"]
[Date "1978.08.26"]
[Round "3.26"]
[White "Gruenfeld, Yehuda"]
[Black "Basman, Michael John"]
[Result "0-1"]
[WhiteElo "2330"]
[BlackElo "2395"]
[PlyCount "68"]
[EventDate "1978.08.24"]
[EventType "swiss"]
[EventRounds "10"]
[EventCountry "ENG"]
[SourceTitle "BritBase"]
[Source "John Saunders"]
[SourceDate "2023.12.16"]
[SourceVersion "1"]
[SourceVersionDate "2023.12.16"]
[SourceQuality "1"]

1. e4 b6 2. d4 Bb7 3. Bd3 e6 4. Nf3 g6 5. h4 h6 6. Qe2 Bg7 7. c3 Ne7 8. Bf4 d6
9. Nbd2 Nd7 10. Nc4 a6 11. O-O-O b5 12. Na5 Rb8 13. Nxb7 Rxb7 14. g4 Qb8 15.
Qd2 a5 16. Be3 b4 17. c4 a4 18. Ng1 c5 19. d5 exd5 20. exd5 Ne5 21. Be2 Qc8 22.
f3 Qd7 23. Nh3 Nc8 24. Kb1 Nb6 25. Rc1 a3 26. b3 Na4 27. bxa4 b3 28. Qc3 bxa2+
29. Kxa2 Rb2+ 30. Kxa3 Rxe2 31. Rhe1 Rxe1 32. Rxe1 O-O 33. f4 Nf3 34. Qc1 Ra8
0-1

[Event "Lloyds Bank Masters 2nd"]
[Site "London, Cumberland Hotel"]
[Date "1978.08.26"]
[Round "3.31"]
[White "Ginsburg, Mark"]
[Black "Sowray, Peter John"]
[Result "1-0"]
[WhiteElo "2335"]
[BlackElo "2205"]
[PlyCount "55"]
[EventDate "1978.08.24"]
[EventType "swiss"]
[EventRounds "10"]
[EventCountry "ENG"]
[SourceTitle "BritBase"]
[Source "John Saunders"]
[SourceDate "2023.12.16"]
[SourceVersion "1"]
[SourceVersionDate "2023.12.16"]
[SourceQuality "1"]

1. c4 Nf6 2. Nc3 g6 3. e4 d6 4. d4 Bg7 5. Be2 O-O 6. Nf3 Bg4 7. Be3 Nfd7 8. Qd2
c5 9. d5 Na6 10. O-O Qa5 11. a3 Rfb8 12. h3 Bxf3 13. Bxf3 Qd8 14. Be2 Nc7 15.
f4 Qf8 16. e5 dxe5 17. f5 Rd8 18. Bd3 gxf5 19. Bxf5 b6 20. Bb1 Nf6 21. Qc2 Qe8
22. Ne4 Ncxd5 23. cxd5 Nxd5 24. Ng5 Nf6 25. Nxh7 Qc6 26. Nxf6+ exf6 27. Qh7+
Kf8 28. Be4 1-0

[Event "Lloyds Bank Masters 2nd"]
[Site "London, Cumberland Hotel"]
[Date "1978.08.26"]
[Round "3.46"]
[White "Yeo, Michael J"]
[Black "Bennett, Terence B"]
[Result "0-1"]
[WhiteElo "2205"]
[BlackElo "2270"]
[PlyCount "80"]
[EventDate "1978.08.24"]
[EventType "swiss"]
[EventRounds "10"]
[EventCountry "ENG"]
[SourceTitle "BritBase"]
[Source "John Saunders"]
[SourceDate "2023.12.16"]
[SourceVersion "1"]
[SourceVersionDate "2023.12.16"]
[SourceQuality "1"]

1. e4 e6 2. d4 d5 3. Nc3 Bb4 4. Nge2 dxe4 5. a3 Bxc3+ 6. Nxc3 Nc6 7. Bb5 Nge7
8. Bg5 f6 9. Be3 O-O 10. Qd2 f5 11. O-O-O Nd5 12. Bxc6 bxc6 13. f3 Rb8 14. fxe4
Nb6 15. Bg5 Qe8 16. Qe2 Qg6 17. h4 e5 18. dxe5 Be6 19. exf5 Bxf5 20. Rd4 h6 21.
Be7 Rfe8 22. h5 Qe6 23. Bh4 Nd5 24. Nxd5 cxd5 25. Re1 c5 26. Rd2 Be4 27. c4 Bh7
28. cxd5 Qf5 29. Qe4 Qxe4 30. Rxe4 Bxe4 31. d6 Bf5 32. d7 Red8 33. Bxd8 Rxd8
34. Rd5 Rxd7 35. Rxc5 Kf7 36. b4 Ke6 37. Kb2 Bg4 38. a4 Bxh5 39. a5 Be2 40. Kc3
a6 {Source: Michael Yeo. Contributed, 14 July 2021} 0-1

[Event "Lloyds Bank Masters 2nd"]
[Site "London, Cumberland Hotel"]
[Date "1978.08.26"]
[Round "4.1"]
[White "Haik, Aldo"]
[Black "Peters, Jack"]
[Result "0-1"]
[WhiteElo "2425"]
[BlackElo "2430"]
[PlyCount "82"]
[EventDate "1978.08.24"]
[EventType "swiss"]
[EventRounds "10"]
[EventCountry "ENG"]
[SourceTitle "BritBase"]
[Source "John Saunders"]
[SourceDate "2023.12.16"]
[SourceVersion "1"]
[SourceVersionDate "2023.12.16"]
[SourceQuality "1"]

1. d4 Nf6 2. c4 e6 3. Nc3 Bb4 4. Qc2 d5 5. cxd5 exd5 6. Bg5 h6 7. Bxf6 Qxf6 8.
Nf3 O-O 9. a3 Bf5 10. Qb3 Bxc3+ 11. Qxc3 Rc8 12. e3 c5 13. Be2 Nd7 14. Qd2 c4
15. O-O b5 16. a4 Rab8 17. axb5 Rxb5 18. Rxa7 Qb6 19. Ra2 Rb8 20. Rc1 Rxb2 21.
Rxb2 Qxb2 22. Qxb2 Rxb2 23. Kf1 Nf6 24. Ne1 Ne4 25. f3 Nd2+ 26. Kf2 Nb3 27. Rc3
Bd3 28. Rxd3 cxd3 29. Nxd3 Ra2 30. Nb4 Ra5 31. Nc6 Ra2 32. Nb4 Rb2 33. Nd3 Rd2
34. Ke1 Ra2 35. Nb4 Ra5 36. Nc6 Ra1+ 37. Kf2 Kf8 38. Nb4 Nc1 39. Bf1 Ra5 40.
Kg1 Na2 41. Nd3 Nc3 0-1

[Event "Lloyds Bank Masters 2nd"]
[Site "London, Cumberland Hotel"]
[Date "1978.08.26"]
[Round "4.2"]
[White "Berry, Stephen H"]
[Black "Rantanen, Yrjo A"]
[Result "0-1"]
[WhiteElo "2200"]
[BlackElo "2420"]
[PlyCount "72"]
[EventDate "1978.08.24"]
[EventType "swiss"]
[EventRounds "10"]
[EventCountry "ENG"]
[SourceTitle "BritBase"]
[Source "John Saunders"]
[SourceDate "2023.12.16"]
[SourceVersion "1"]
[SourceVersionDate "2023.12.16"]
[SourceQuality "1"]

1. e4 e5 2. Nf3 Nc6 3. Bb5 a6 4. Ba4 Nge7 5. O-O d6 6. d4 exd4 7. Bg5 h6 8. Bh4
g5 9. Bg3 b5 10. Bb3 Bg7 11. h4 g4 12. Nh2 Na5 13. Nxg4 Nxb3 14. axb3 f5 15.
exf5 Bxf5 16. c3 Qd7 17. f3 dxc3 18. Nxc3 O-O 19. Ne3 Be6 20. b4 Nc6 21. Ned5
Qf7 22. Bf2 Kh8 23. Re1 Ne5 24. Rf1 c6 25. Ne3 Qg6 26. Be1 d5 27. Nc2 Bh3 28.
Qe2 Rae8 29. f4 Nc4 30. Qf3 Bf5 31. h5 Qe6 32. b3 Nb2 33. Ra2 Nd3 34. Bd2 d4
35. Nd1 Qxb3 36. Rxa6 Qxc2 0-1